000 01178cab a2200373 4500
001 ABS48869
008 090401t1993 xxu||||| |||| 00| 0 eng d
035 _a(Sirsi) u68901
041 _aeng
100 _aParr, N.
245 _aMortgage valuations: Monopolies and Mergers Commission investigation
260 _c1993
350 _a0
490 _aEstates Gazette
_v(9323) 12 June 1993, 120-121(2)
520 _aExplains the MMC approach to this enquiry and the procedure for remedies if the present situation concerning mortgage valuations is found not to be in the public interest.
650 _aBUILDING SOCIETIES
650 _aCOMPLEX MONOPOLY
650 _aFAIR TRADING ACT 1973
650 _aMONOPOLIES AND MERGERS COMMISSION
650 _aMORTGAGE LENDERS
650 _aMORTGAGE VALUATIONS
650 _aOFT
650 _aOFT
650 _aRECIPROCAL BUSINESS
650 _aTIE-IN SALES
650 _aVALUATION FEES
650 _aVALUATION PANELS
650 _aVALUERS
690 _aMANAGEMENT-BUSINESS MANAGEMENT-PROFESSIONAL PRACTICE
690 _aRATING AND VALUATION
700 _aHughes, M.
942 _n0
948 _c04/03/1997
999 _c43259
_d43259